Xarxa Local de Prevenció de les Drogodependències : IV informe observatori 2010 IV informe observatori 2010
Publicado:
Barcelona :
Diputació de Barcelona. Àrea d'Atenció a les Persones. Gerència de Serveis de Benestar Social ,
2011
Descripción Física:
87 p. ; 30 cm
MARC
| LEADER | 00000nam a2200000Ia 4500 | ||
|---|---|---|---|
| 001 | 23438 | ||
| 008 | 160829s2011 xx 000 0 cat d | ||
| 080 | |a S-1-333 | ||
| 245 | |a Xarxa Local de Prevenció de les Drogodependències : |b IV informe observatori 2010 | ||
| 260 | |a Barcelona : |b Diputació de Barcelona. Àrea d'Atenció a les Persones. Gerència de Serveis de Benestar Social, |c 2011 | ||
| 300 | |a 87 p. ; |c 30 cm | ||
| 650 | 0 | |a Drogoaddicció |x Prevenció |9 49573 | |
| 650 | |a Drogues |9 25398 | ||
| 710 | 1 | |a Barcelona (Catalunya : Província). |b Gerència de Serveis de Benestar Social |9 52907 | |
| 901 | |a Arxiu | ||
| 942 | |n 1 | ||
| 952 | |0 0 |1 0 |4 0 |6 S1333 |7 1 |9 54181 |a Arxiu |b Arxiu |d 2012-05-11 |l 0 |o S-1-333 |p 23438 |r 2016-12-01 00:00:00 |w 2016-12-01 |y ARXIU | ||
| 999 | |c 58050 |d 58050 | ||